Sports Quiz

Random Sports or NFL Quiz

Pittsburgh Steeler Super Starters Quiz Stats

 Plays Quiz not verified by Sporcle

Score 0/144 Timer 10:00
0 Plays Today
Position Name % Correct
2008Ben Roethlisberger
97.2%
2005Ben Roethlisberger
97.2%
2008Hines Ward
95%
2005Jerome Bettis
95%
2005Hines Ward
95%
1979Franco Harris
94.3%
1978Franco Harris
94.3%
1975Franco Harris
94.3%
1974Franco Harris
94.3%
2008Santonio Holmes
92.9%
1975Ernie Holmes
92.6%
1974Ernie Holmes
92.6%
1979Terry Bradshaw
91.1%
1978Terry Bradshaw
91.1%
1975Terry Bradshaw
91.1%
1974Terry Bradshaw
91.1%
2008Willie Parker
89.4%
1979Jack Ham
89%
1978Jack Ham
89%
1975Jack Ham
89%
1974Jack Ham
89%
2008Heath Miller
88.3%
2005Heath Miller
88.3%
1974Lynn Swann
88.3%
1979Lynn Swann
87.9%
1978Lynn Swann
87.9%
2008James Harrison
87.9%
1975Lynn Swann
87.9%
1975John Stallworth
86.2%
2008Troy Polamalu
85.5%
2005Troy Polamalu
85.5%
1979John Stallworth
85.1%
1978John Stallworth
85.1%
1974John Stallworth
85.1%
1979Joe Greene
84.4%
1978Joe Greene
84.4%
1975Joe Greene
84.4%
1974Joe Greene
84.4%
1979Jack Lambert
83.3%
1978Jack Lambert
83.3%
1975Jack Lambert
83.3%
1974Jack Lambert
83.3%
2005Marvel Smith
79.4%
2008Aaron Smith
79.4%
2005Aaron Smith
79.4%
1979Mel Blount
75.9%
1978Mel Blount
75.9%
1975Mel Blount
75.9%
Position Name % Correct
1974Mel Blount
75.9%
2008Ike Taylor
75.2%
2008James Farrior
75.2%
2005Ike Taylor
75.2%
2005James Farrior
75.2%
2008Casey Hampton
74.5%
2005Casey Hampton
74.5%
2005Jeff Reed
74.1%
2008Jeff Reed
74.1%
2008Ryan Clark
72.3%
1975Mike Webster
72%
1979L.C. Greenwood
71.6%
1978L.C. Greenwood
71.6%
1975L.C. Greenwood
71.6%
1974L.C. Greenwood
71.6%
1979Mike Webster
71.3%
1978Mike Webster
71.3%
2008Lamarr Woodley
70.6%
2005Joey Porter
69.9%
1974Frenchy Fuqua
68.1%
2005Alan Faneca
66.7%
2008Larry Foote
66.3%
2005Larry Foote
66.3%
1979Ron Johnson
64.2%
1979Rocky Bleier
63.8%
1978Rocky Bleier
63.5%
1975Rocky Bleier
63.5%
1979Dwight White
61%
1978Dwight White
61%
1975Dwight White
61%
1974Dwight White
61%
2008Bryant McFadden
60.6%
2008Brett Keisel
59.9%
2008Max Starks
59.6%
2005Max Starks
59.6%
2005Antwaan Randle El
57.8%
1979Donnie Shell
57.8%
1978Donnie Shell
57.8%
2005Jeff Hartings
56%
1978Ron Johnson
55.3%
1975Andy Russell
55.3%
1974Andy Russell
55.3%
1979Randy Grossman
54.6%
1978Randy Grossman
54.6%
1979J.T. Thomas
51.8%
1978Larry Brown
51.4%
1979Larry Brown
50.4%
1975Larry Brown
50.4%
Position Name % Correct
1974Larry Brown
50.4%
1974Mike Wagner
49.6%
2005Dan Kreider
48.6%
1975Sam Davis
48.2%
2008Carey Davis
47.9%
1974Roy Gerela
47.9%
1975Roy Gerela
47.9%
1978Roy Gerela
47.9%
1979Sam Davis
47.2%
1978Sam Davis
47.2%
1974Sam Davis
47.2%
1978Mike Wagner
46.8%
1975Mike Wagner
46.8%
1974Mike Wagner
46.8%
2008Willie Colon
45.7%
2008Justin Hartwig
45%
2005Chris Hope
42.6%
1979John Kolb
40.4%
1978John Kolb
40.4%
1975John Kolb
40.4%
1974John Kolb
40.4%
2005Clark Haggans
40.1%
2005Deshea Townsend
39.4%
1979Matt Bahr
37.9%
1978John Banaszak
37.2%
2005Kimo von Oelhoffen
36.2%
1975J.T. Thomas
34.8%
1974J.T. Thomas
34.8%
2005Chris Gardocki
34.8%
1978Loren Toews
33%
2008Chris Kemoeatu
32.6%
2005Kendall Simmons
32.6%
1978Craig Colquitt
32.6%
1979Craig Colquitt
32.6%
1979Gerry Mullins
31.6%
1979Dirt Winston
31.2%
1974Bobby Walden
31.2%
1975Bobby Walden
31.2%
1975Glen Edwards
30.1%
1974Glenn Edwards
30.1%
1978Gerry Mullins
29.4%
1979John Banaszak
29.4%
1975Gerry Mullins
29.4%
1974Gerry Mullins
29.4%
2008Mitch Berger
29.4%
2008Darnell Stapleton
23%
1975Gordon Gravelle
12.1%
1974Gordon Gravelle
12.1%

You're not logged in!

Compare scores with friends on all Sporcle quizzes.
OR
Log In

Show Comments

Extras

Top Quizzes Today


Score Distribution

Your Account Isn't Verified!

In order to create a playlist on Sporcle, you need to verify the email address you used during registration. Go to your Sporcle Settings to finish the process.

Report this User

Report this user for behavior that violates our Community Guidelines.

Details: